000 00732cam a22002052 4500
001 0000020063
005 20151217161556.0
008 110616s xx 000 0 eng d
040 _aKABU
_cKABU
100 1 _aRutto, Daniel Kiprotich.
_@0000180114
245 1 0 _aAccess to and utilization of academic information by students and staff at Kabarak University /
_cDaniel Kiprotich Rutto.
250 _a1st ed.
260 _aEldoret, Kenya :
_bMoi University,
_c2011.
300 _axii, 173 leaves.
502 _aThesis ( M. Phil. ) - Moi University, 2011.
650 0 _aInformation resources
_zKabarak University.
_@0000180115
908 _a110616
950 _@1
999 _c15354
_d15354